Essays on Indian antiquities, historic, numismatic, and paleographic, of the late James Prinsep to which are added his useful tables,... edited, with notes, and additional matter, by Edward Thomas. (Record no. 162594)

MARC details
000 -LEADER
campo de control de longitud fija 00869nam a22001935i 4500
001 - NÚMERO DE CONTROL
campo de control 162594
003 - IDENTIFICADOR DE NÚMERO DE CONTROL
campo de control ES-MaACL
005 - FECHA Y HORA DE LA ÚLTIMA TRANSACCIÓN
campo de control 20230906212548.0
008 - DATOS DE LONGITUD FIJA--INFORMACIÓN GENERAL
campo de control de longitud fija 041119s1858 xxka |||| | eng d
040 ## - FUENTE DE CATALOGACIÓN
Centro catalogador/agencia de origen CAM
Lengua de catalogación spa
Centro/agencia transcriptor CAM
100 1# - ENTRADA PRINCIPAL--NOMBRE DE PERSONA
Nombre de persona Prinsep, James.
9 (RLIN) 131374
245 10 - MENCIÓN DEL TÍTULO
Título Essays on Indian antiquities, historic, numismatic, and paleographic, of the late James Prinsep to which are added his useful tables,... edited, with notes, and additional matter, by Edward Thomas.
260 ## - PUBLICACIÓN, DISTRIBUCIÓN, ETC.
Lugar de publicación, distribución, etc. London :
Nombre del editor, distribuidor, etc. John Murray,
Fecha de publicación, distribución, etc. 1858 (
Fabricante Stephen Austin)
300 ## - DESCRIPCIÓN FÍSICA
Extensión 2 v. (XVI, XVI, 435; VII, 224, XII, 336 p.) :
Otras características físicas il. ;
Dimensiones 23 cm.
597 ## - NOTA DE DESCRIPCIÓN FÍSICA
NOTA DE DESCRIPCIÓN FÍSICA La última secuencia de la paginación corresponde a tablas e ilustraciones con portada propia.
651 #4 - PUNTO DE ACCESO ADICIONAL DE MATERIA--NOMBRE GEOGRÁFICO
Nombre geográfico India-
Subdivisión general restos arqueológcios.
9 (RLIN) 137222
700 0# - ENTRADA AGREGADA--NOMBRE PERSONAL
Nombre de persona Thomas, Edward.
9 (RLIN) 110005
852 ## - LOCALIZACIÓN
Ubicación ES-MaACL
Número de control de estantería G-10445-46
Nota libre -- Enc. tela
Holdings
Estatus retirado Estado de pérdida Estado de daño No para préstamo Colección Biblioteca de origen Biblioteca actual Ubicación en estantería Fecha de adquisición Total de préstamos Signatura topográfica completa Código de barras Visto por última vez Precio de reemplazo Tipo de ítem Koha
        Libros del s. XIX Biblioteca del Ateneo de Madrid Biblioteca del Ateneo de Madrid Sala Pecera Planta 3 17/01/2008   G-10445-46 1170338 23/02/2023 23/02/2023 Libro impreso antiguo